Basic and clinical biostatistics

Saved in:
Bibliografiske detaljer
Main Authors: Dawson Saunders, Beth (Author), Trapp, Robert G (Author)
Format: Bog
Sprog:engelsk
Udgivet: Nueva York McGraw-Hill 2004
Nueva York Lange Medical Books 2004
Udgivelse:4a. ed
Fag:
Tags: Tilføj Tag
Ingen Tags, Vær først til at tagge denne postø!

MARC

LEADER 00000nam a2200000 a 4500
001 UCG5829
003 CL-VaPUC
008 110324e20040000us |||||||||||||||||eng|d
020 |a 0071410171 
082 0 4 |a 570.15195  |b DAW  |2 21 
100 0 |a Dawson Saunders, Beth  |e author  |9 555691 
700 0 |a Trapp, Robert G  |e author  |9 555692 
245 1 0 |a Basic and clinical biostatistics 
250 |a 4a. ed 
300 |a 438 p 
942 |c BK 
945 |d 20110324 00:00:00  |a dcastane 
260 |a Nueva York  |b McGraw-Hill  |c 2004 
260 |a Nueva York  |b Lange Medical Books  |c 2004 
500 |a Incluye CD 
650 0 |a Bioestadística  |9 261187 
650 0 |a Estadística matemática  |9 260028 
650 0 |a Estadística aplicada  |9 270522 
650 7 |a CIENCIAS MEDICAS  |2 CL-VaPUC  |9 337221 
583 |a last modification  |c 20180327 04:19:33  |k Rodrigo Vera 
999 |c 344191  |d 344189 
952 |0 0  |1 0  |4 0  |6 570_151950000000000_DAW_2004_2004  |7 0  |8 A  |9 442030  |a BIBGIM  |b BIBGIM  |d 2019-11-22  |i 4758897  |o 570.15195 DAW 2004 2004  |p 4758897  |r 2025-01-15  |w 2019-11-22  |y BK  |k EST 
952 |0 0  |1 0  |4 0  |6 570_151950000000000_DAW_2004_2004  |7 0  |8 A  |9 442031  |a BIBGIM  |b BIBGIM  |d 2019-11-22  |i 4758900  |o 570.15195 DAW 2004 2004  |p 4758900  |r 2025-01-15  |w 2019-11-22  |y BK  |k EST